Resumen poético de la historia de España... / (Record no. 163354)
[ view plain ]
| 000 -LEADER | |
|---|---|
| campo de control de longitud fija | 00744nam a22001815i 4500 |
| 001 - NÚMERO DE CONTROL | |
| campo de control | 163354 |
| 003 - IDENTIFICADOR DE NÚMERO DE CONTROL | |
| campo de control | ES-MaACL |
| 005 - FECHA Y HORA DE LA ÚLTIMA TRANSACCIÓN | |
| campo de control | 20240528154812.0 |
| 008 - DATOS DE LONGITUD FIJA--INFORMACIÓN GENERAL | |
| campo de control de longitud fija | 030120s1857 sp |||| | spa d |
| 040 ## - FUENTE DE CATALOGACIÓN | |
| Centro catalogador/agencia de origen | CAM |
| Lengua de catalogación | spa |
| Centro/agencia transcriptor | CAM |
| 245 00 - MENCIÓN DEL TÍTULO | |
| Título | Resumen poético de la historia de España... / |
| Mención de responsabilidad, etc. | por M.C. de R. |
| 260 ## - PUBLICACIÓN, DISTRIBUCIÓN, ETC. | |
| Lugar de publicación, distribución, etc. | Madrid : |
| Nombre del editor, distribuidor, etc. | [s.n.], |
| Fecha de publicación, distribución, etc. | 1857 ( |
| Fabricante | Imp. de Santiago Aguado y C.) |
| 300 ## - DESCRIPCIÓN FÍSICA | |
| Extensión | 32 p. ; |
| Dimensiones | 17 cm. |
| 852 ## - LOCALIZACIÓN | |
| Ubicación | ES-MaACL |
| Número de control de estantería | FOLL-Laf-585 |
| itemnumber | 169520 |
| Ubicación en estantería | Depósito folletos |
| Marcas de propiedad | Sello en tinta en portada: "Ateneo de Madrid. Legado M. de la Fuente" |
| -- | Sello en tinta en potada: "Ateneo de Madrid. Biblioteca" |
| Donativo/Legado | Legado: M. de la Fuente |
| 903 ## - NOMBRE PERSONAL DE DONANTE | |
| 9 | 69535 |
| a | Lafuente, Modesto, |
| q | 1 |
| d | 1806-1866 |
| e | Donante |
| 942 ## - ELEMENTOS DE ENTRADA SECUNDARIOS (KOHA) | |
| Fuente del sistema de clasificación o colocación | Clasificación decimal universal |
| Tipo de ítem Koha | Folleto |
| Estatus retirado | Estado de pérdida | Fuente del sistema de clasificación o colocación | Estado de daño | No para préstamo | Colección | Biblioteca de origen | Biblioteca actual | Ubicación en estantería | Fecha de adquisición | Fuente de adquisición | Total de préstamos | Signatura topográfica completa | Código de barras | Visto por última vez | Precio de reemplazo | Tipo de ítem Koha |
|---|---|---|---|---|---|---|---|---|---|---|---|---|---|---|---|---|
| Clasificación decimal universal | Colección de folletos | Biblioteca del Ateneo de Madrid | Biblioteca del Ateneo de Madrid | Depósito folletos | 17/01/2008 | Legado | FOLL-Laf-585 | 1171180 | 23/02/2023 | 23/02/2023 | Folleto |
